| 000 | 01303nam a2200349 i 4500 | ||
|---|---|---|---|
| 001 | 000021773 | ||
| 003 | DO-SdBPM | ||
| 005 | 20260520141308.0 | ||
| 007 | ta | ||
| 008 | 100913s2007 dr a 001 0dspa d | ||
| 040 |
_aDO-SdBPM _bspa _cBPMSU _erda _d |
||
| 049 | _a | ||
| 082 | 0 | 4 |
_a972.93053 _bG633c, 2007 _222 |
| 100 | 1 |
_aGómez Ochoa, Delio, _d1929- _eautor _4aut. |
|
| 245 | 1 | 0 |
_aConstanza, Maimón y Estero Hondo : _bla victoria de los caídos / _cDelio Gómez Ochoa ; prólogo, Raúl Pérez Peña. |
| 250 | _a2ª edición | ||
| 264 |
_aSanto Domingo : _bEditora Collado, _c2007 |
||
| 300 |
_a311 páginas : _bilustraciones ; _c22 cm. |
||
| 336 |
_2rdacontent _atexto _btxt |
||
| 337 |
_2rdamedia _asin mediación _bn |
||
| 338 |
_2rdacarrier _avolumen _bnc |
||
| 500 | _aIncluye datos biográficos del autor en la contracubierta. | ||
| 500 | _aIncluye referencias bibliográficas y notas al pie de las páginas. | ||
| 504 | _aBibliografía : páginas 337-339. | ||
| 590 | _aInventariado, 2026/VM | ||
| 650 | 7 | _aPersecuciones políticas | |
| 650 | 7 |
_aGuerrillas _zRepública Dominicana _xHistoria |
|
| 651 | 7 |
_aRepública Dominicana _xHistoria _yEra de Trujillo, 1930-1961 |
|
| 700 | 1 |
_aPérez Peña, Raúl, _eprólogo |
|
| 910 | _aVMateo V. Control de calidad BPMSU | ||
| 942 |
_2ddc _cBK |
||
| 999 |
_c15858 _d15858 |
||